000
00254nam a22001097a 4500
082
_a
ظ ل ا
100
_a
ظل الرحمان انصاری
245
_a
ورد ء وظیفا
260
_a
لاھور
_b
فال روڈ
_c
؟
300
_a
۱۳۳
942
_c
BK
999
_c
11737
_d
11737